Englisch Vokabeln Unit 2 endless bis line - Statistiken

Allgemein
  • Dieses Quiz wurde 68 mal gespielt
  • Das Durchschnittsergebnis liegt bei 10 aus 29
Antwortstatistiken
Deutsch Englisch % Korrekt
Endlos Endless
93%
Kultur culture
87%
Pflanze plant
85%
Beziehung relations
72%
zweisprachig bilingual
66%
ethnisch ethnic
59%
Minderheit minority
59%
Meinung opinion
59%
Nachteil disadvantage
51%
Zimmermädchen Maid
51%
Mehrheit majority
51%
Vorteil advantage
49%
schütteln (To) shake
31%
Gouverneur/in Governor
30%
Pflanzen (to) plant
28%
Erlebnis experience
25%
Hineinpassen (to) fit in
25%
Pflücken (To) pick
21%
Voreingenommenheit prejudice
16%
handeln (to) act
16%
Haltung attitude
15%
heftig Hard
10%
(Schöne) Landschaft scenery
10%
voreingenommen sein (to) be prejudiced
3%
Diskriminierung dicrimination
0%
diskriminieren (to) dicriminate
0%
gelangweilt (to)feel bored
0%
Unterbrechen (to) intertttupt
0%
Erfolg (to) succed
0%
Keine übereinstimmenden Quizze gefunden
Verteilung der Resultate
Anzahl Personen mit jedem Resultat
Perzentil nach korrekt beantworteten Fragen
Ihre Resultats-Entwicklung
Sie haben dieses Quiz noch nicht gespielt